The best american short stories 1944

Պահպանված է:
Մատենագիտական մանրամասներ
Հիմնական հեղինակ: Foley, Martha (Հեղինակ)
Ձևաչափ: Գիրք
Լեզու:անգլերեն
Հրապարակվել է: Cambridge Riverside Press 1944
Խորագրեր:
Ցուցիչներ: Ավելացրեք ցուցիչ
Չկան պիտակներ, Եղեք առաջինը, ով նշում է այս գրառումը!

MARC

LEADER 00000nam a2200000 a 4500
001 UCQ2495
003 CL-VaPUC
008 980724e19440000US |||||||||||||||||eng|d
082 0 4 |a 808.83  |b FOL  |2 21 
100 0 |a Foley, Martha  |e author  |9 416418 
245 1 4 |a The best american short stories 1944 
246 1 4 |a The yearbook of the american short story 
300 |a 468 p 
942 |c BK 
945 |d 19980724 00:00:00  |a crobeson 
260 |a Cambridge  |b Riverside Press  |c 1944 
650 0 |a Novelas estadounidenses  |9 265217 
650 0 |a Literatura estadounidense  |9 317168 
583 |a last modification  |c 19980724 00:00:00  |k Rodrigo Vera 
999 |c 273313  |d 273311 
952 |0 0  |1 0  |4 0  |6 808_830000000000000_FOL_1944  |7 0  |8 A  |9 308751  |a BIBEDU  |b BIBEDU  |d 2019-11-20  |i 144817K  |o 808.83 FOL 1944  |p 144817K  |r 2019-11-20  |w 2019-11-20  |y BK  |k LIT